00536nam a2200169Ia 4500008004100000040001800041041000800059100003300067245004500100250001200145260006500157300001800222490005200240650002400292650001900316650003100335130821s1967 mx gr spa  aCo-BoUCMbspa aspa1 aRussell, Bertrandd1872-197010aAutoridad e individuocBertrand Russell. a5a. ed. aMéxico D.F. (México)bFondo de Cultura Económicac1967 a127 páginas 0aBreviarios del Fondo de Cultura Económicav1504aFilosofía inglesa04aIndividualismo04aPersonalismo (Filosofía)